The world is a narrow bridge / Aaron Thier.
Available copies
- 1 of 1 copy available at LARL/NWRL Consortium.
- 1 of 1 copy available at Lake Agassiz Regional Library. (Show preferred library)
Current holds
0 current holds with 1 total copy.
Show Only Available Copies
| Location | Call Number / Copy Notes | Barcode | Shelving Location | Status | Due Date |
|---|---|---|---|---|---|
| Moorhead Public Library | THI (Text) | 33500012751665 | Main | Available | - |
Record details
- ISBN: 9781635571417
- ISBN: 1635571413
- ISBN: 9781635571431
- ISBN: 163557143X
- Physical Description: 261 pages ; 25 cm
- Publisher: New York : Bloomsbury USA, 2018.
Content descriptions
| Summary, etc.: | From the author of Mr. Eternity , a darkly comic ... Read More |
Search for related items by subject
| Subject: | Prophets > Fiction. Couples > Fiction. God > Fiction. |
| Genre: | Humorous fiction. |
| LDR | 01623cam a22004218i 4500 | ||
|---|---|---|---|
| 001 | 291150 | ||
| 003 | LARL_NWRL_CONSORTIUM | ||
| 005 | 20180720203836.0 | ||
| 008 | 170822s2018 nyu 000 1 eng | ||
| 010 | . | ‡a 2017036872 | |
| 040 | . | ‡aDLC ‡beng ‡erda ‡cDLC ‡dYDX ‡dBTCTA ‡dBDX ‡dOCLCQ ‡dORX ‡dUAP | |
| 020 | . | ‡a9781635571417 ‡q(hardcover) | |
| 020 | . | ‡a1635571413 ‡q(hardcover) | |
| 020 | . | ‡a9781635571431 ‡q(softcover) | |
| 020 | . | ‡a163557143X ‡q(softcover) | |
| 020 | . | ‡z9781635571424 ‡q(ebook) | |
| 035 | . | ‡a(OCoLC)1001807495 | |
| 042 | . | ‡apcc | |
| 082 | 0 | 0. | ‡a813/.6 ‡223 |
| 100 | 1 | . | ‡aThier, Aaron, ‡eauthor. |
| 245 | 1 | 4. | ‡aThe world is a narrow bridge / ‡cAaron Thier. |
| 264 | 1. | ‡aNew York : ‡bBloomsbury USA, ‡c2018. | |
| 300 | . | ‡a261 pages ; 25 cm | |
| 336 | . | ‡atext ‡btxt ‡2rdacontent | |
| 337 | . | ‡aunmediated ‡bn ‡2rdamedia | |
| 338 | . | ‡avolume ‡bnc ‡2rdacarrier | |
| 520 | . | ‡aFrom the author of Mr. Eternity , a darkly comic road novel about a millennial couple facing the ultimate question: how to live and love in an age of catastrophe. Young Miami couple Murphy and Eva have almost decided to have a baby when Yahweh, the Old Testament God, appears to Eva and makes an unwelcome demand: He wants her to be his prophet. | |
| 650 | 0. | ‡aProphets ‡vFiction. ‡0(LARL_NWRL_CONSORTIUM)174455 | |
| 650 | 0. | ‡aCouples ‡vFiction. ‡0(LARL_NWRL_CONSORTIUM)171323 | |
| 650 | 0. | ‡aGod ‡vFiction. ‡0(LARL_NWRL_CONSORTIUM)165507 | |
| 655 | 7. | ‡aHumorous fiction. ‡2lcgft | |
| 901 | . | ‡a291150 ‡bOCoLC ‡c291150 ‡tbiblio ‡soclc | |

Add to basket
Permalink
Disable Highlighting